Normal view
MARC view
Entry Personal Name
001 - CONTROL NUMBER
- control field: 771667
003 - CONTROL NUMBER IDENTIFIER
- control field: OSt
005 - DATE AND TIME OF LATEST TRANSACTION
- control field: 20250508161840.0
008 - FIXED-LENGTH DATA ELEMENTS
- fixed length control field: 250508|| aca||aabn | a|a d
040 ## - CATALOGING SOURCE
- Original cataloging agency: OSt
- Transcribing agency: OSt
100 ## - HEADING--PERSONAL NAME
- Personal name: Agrawal Ved Prakash
670 ## - SOURCE DATA FOUND
- Source citation: Work cat.: (OSt)1372636: Agrawal Ved Prakash, Prognostic value of science talent search examination conducted by the M. C. D. education department in primary schools, 1977
